İçeriği atla

Анализ причин трансформации природного очага клещевого энцефалита на территории Удмуртии Статья

Kaydedildi:
Detaylı Bibliyografya
Yazar: Малькова А.
Materyal Türü: Статья
Online Erişim:https://znanium.com/catalog/document?id=184386
https://znanium.com/cover/0482/482047.jpg
Etiketler: Etiketle
Etiket eklenmemiş, İlk siz ekleyin!
LEADER 01233nam0a2200241 i 4500
001 RU\infra-m\znanium\bibl\482047
003 https://znanium.com/catalog/document?id=184386
005 20200302000000.0
100 |a 20200302d2014 m y0rusy0150 ca 
101 0 |a rus 
102 |a RU 
200 1 |a Анализ причин трансформации природного очага клещевого энцефалита на территории Удмуртии  |e Статья 
210 1 |a Ижевск  |c ФГБОУ ВПО "Удмуртский Государственный университет"  |d 2013 
215 |a 6 с. 
333 |a Аспирантура 
606 |a Биологические науки  |x Общая биология  |2 local 
608 |a Статья  |2 local 
675 |a 502  |z rus 
700 1 |a Малькова  |b А. 
701 1 |a Рубцова  |b И.Ю. 
801 0 |a RU  |b Общество с ограниченной ответственностью «ЗНАНИУМ»  |c 20140807  |2 rusmarc 
856 4 |a znanium.com  |m ebs_support@infra-m.ru  |n НИЦ ИНФРА-М  |u https://znanium.com/catalog/document?id=184386 
856 4 1 |a znanium.com  |d /cover/0482  |f 482047.jpg  |q image/jpeg  |u https://znanium.com/cover/0482/482047.jpg